000
00304nam a22001337a 4500
999
_c
528065
_d
528065
003
NUST
038
_a
M.Ramzan
082
_a
387.166
_b
TRA
100
_a
Trade logistics group
_9
19599
245
_a
port Logistics /
_c
Trade logistics group
260
_c
2004
300
_a
92 p, :
_c
25cm
942
_2
ddc
_c
BK